[Event "JUG-chT"]
[Site "Niksic"]
[Date "1997.??.??"]
[Round "8"]
[White "Mitrovic, Petar"]
[Black "Horvath, Jozsef"]
[Result "0-1"]
[WhiteElo "2385"]
[BlackElo "2525"]

1.e4 c5 2.Nf3 Nc6 3.d4 cxd4 4.Nxd4 Qc7 5.Nc3 e6 6.f4 a6 7.Nb3 b5 8.Bd3 Bb7
9.O-O d6 10.Rf2 Nf6 11.Bd2 Be7 12.Qf3 O-O 13.Qh3 Nb4 14.Rc1 Rfe8 15.Bf1 Rac8
16.a3 Nc6 17.g4 Nd7 18.g5 Bf8 19.Rg2 g6 20.Rg4 Bg7 21.Rh4 Nf8 22.Nd1 f5 23.gxf6 Bxf6
24.Bc3 Qb6+ 25.Nf2 Bxh4 26.Qxh4 e5 27.Rd1 Rcd8 28.Rd3 Rd7 29.Bh3 Rf7 30.f5 gxf5
31.Bxf5 Ne7 32.Nd4 Nfg6 33.Qh6 exd4 34.Bxg6 Nxg6 35.Bxd4 Qc6 36.h4 Rxe4  0-1

[Event "JUG-chT"]
[Site "Niksic"]
[Date "1997.??.??"]
[Round "9"]
[White "Markovic, Zoran S"]
[Black "Martinovic, Slobodan"]
[Result "1-0"]
[WhiteElo "2095"]
[BlackElo "2470"]

1.e4 c5 2.Nf3 Nc6 3.d4 cxd4 4.Nxd4 Qb6 5.Nb3 Nf6 6.Nc3 e6 7.Bd3 Be7 8.Be3 Qc7
9.f4 d6 10.O-O a6 11.Qf3 O-O 12.g4 Nd7 13.g5 Re8 14.Qh5 g6 15.Qh6 Bf8 16.Qh4 b5
17.Rf3 Bb7 18.Rh3 h6 19.gxh6 Kh7 20.Rf1 Be7 21.Qf2 Rg8 22.Nd2 Nb4 23.Nf3 f6
24.Rg3 Nc5 25.Qg2 Nbxd3 26.cxd3 b4 27.Nh4 f5 28.Nxg6 Bf6 29.Qh3 bxc3 30.exf5 Qc6
31.fxe6 Qd5 32.Ne7 Rxg3+ 33.hxg3 Qxe6 34.Qxe6 Nxe6  1-0

[Event "JUG-chT"]
[Site "Niksic"]
[Date "1997.??.??"]
[Round "10"]
[White "Vukovic, Zdravko"]
[Black "Zafirovski, Mite"]
[Result "1-0"]
[WhiteElo "2410"]
[BlackElo "2290"]

1.e4 c5 2.Nf3 Nc6 3.d4 cxd4 4.Nxd4 Qc7 5.Be2 Nf6 6.Nc3 e6 7.O-O a6 8.Kh1 Nxd4
9.Qxd4 Bc5 10.Qd2 O-O 11.Qg5 Bd4 12.Bd3 Qe5 13.Qh4 Qh5 14.Qg3 d5 15.exd5 exd5
16.Ne2 Be5 17.Bf4 Re8 18.Bxe5 Qxe5 19.Qxe5 Rxe5 20.Nd4 Bd7 21.Rfe1 Rae8 22.Rxe5 Rxe5
23.f3 Kf8 24.Kg1 Ke8 25.Kf2 Kd8 26.a4 g6 27.a5 Re7 28.Ra3 Be8 29.g4 h6 30.h4 Rc7
31.Ke3 Ke7 32.Ne2 Kd6 33.Rb3 Bc6 34.Nd4 Nd7 35.Rc3 Ne5 36.Be2 Be8 37.Rxc7 Kxc7
38.b4 Kd6 39.Nb3 Nd7 40.Kd4 Nb8 41.c3 Nc6+ 42.Ke3 Bd7 43.g5 hxg5 44.hxg5 Bc8
45.f4 Ne7 46.Nd4 Bd7 47.Bd3 Bc8 48.Bc2 Bd7 49.Bd1 Ng8 50.Bb3 Be8 51.Bc2 Bd7
52.f5 gxf5 53.Bxf5 Be8 54.Bc8 Kc7 55.Bg4 Kd6 56.Kf4 Ne7 57.Bh5 Ng6+ 58.Kf5 Bd7+
59.Kf6 Be8 60.Nf5+ Kc6 61.Ne7+ Kb5 62.Nxg6 fxg6 63.Bxg6 Bc6 64.Bd3+ Ka4 65.g6 d4
66.c4  1-0

[Event "Nova Gorica op"]
[Site "Nova Gorica"]
[Date "1997.??.??"]
[Round "7"]
[White "Armanda, Ivica"]
[Black "Horvath, Jozsef"]
[Result "0-1"]
[WhiteElo "2255"]
[BlackElo "2535"]

1.e4 c5 2.Nf3 Nc6 3.d4 cxd4 4.Nxd4 Qc7 5.Nc3 e6 6.Be2 a6 7.O-O Nf6 8.Kh1 Be7
9.Be3 O-O 10.f4 d6 11.Qe1 Nxd4 12.Bxd4 b5 13.e5 dxe5 14.fxe5 Nd7 15.Ne4 Bb7
16.Nf6+ Bxf6 17.exf6 Qxc2 18.fxg7 Rfe8 19.Qf2 Qg6 20.Bf3 Bxf3 21.Qxf3 e5
22.Bc3 Qxg7 23.Qf5 Re6 24.Rad1 Nf8 25.Rd3 Rae8 26.Rdf3 Ng6 27.Qe4 f6 28.Rg3 Kh8
29.Rf5 Rd6 30.Rh5 Rd1+ 31.Be1 Rc8 32.Re3 Nf4 33.Rh4 Rcc1 34.g3 Rxe1+ 35.Rxe1 Rxe1+  0-1

[Event "After GP Mladi"]
[Site "Olomouc"]
[Date "1997.??.??"]
[Round "3"]
[White "Mokry, Karel"]
[Black "Oral, Tomas"]
[Result "1/2-1/2"]
[WhiteElo "2500"]
[BlackElo "2435"]

1.e4 c5 2.Nf3 Nc6 3.d4 cxd4 4.Nxd4 Qc7 5.Nc3 e6 6.f4 a6 7.Nf3 b5 8.Bd3 Bc5
9.Qe2 Bb7 10.Be3 Bxe3 11.Qxe3 Rc8 12.O-O Nge7 13.a4 b4 14.Ne2 O-O 15.Rad1 Na5
16.b3 Qc5 17.Qxc5 Rxc5 18.Rd2 d6 19.e5  1/2-1/2

[Event "After GP Mladi"]
[Site "Olomouc"]
[Date "1997.??.??"]
[Round "5"]
[White "Votava, Jan"]
[Black "Oral, Tomas"]
[Result "1-0"]
[WhiteElo "2515"]
[BlackElo "2435"]

1.e4 c5 2.Nf3 Nc6 3.d4 cxd4 4.Nxd4 Qc7 5.Nc3 e6 6.g3 a6 7.Bg2 Nf6 8.O-O Bc5
9.Bf4 Ne5 10.Bxe5 Qxe5 11.Nf3 Qc7 12.e5 Ng4 13.Qe2 f6 14.exf6 Nxf6 15.Ne4 Be7
16.Nxf6+ Bxf6 17.c3 O-O 18.Rad1 Rb8 19.Nd2 b5 20.Ne4 Be7 21.h4 a5 22.Rd2 h6
23.f4 Qc4 24.Qh5 d5 25.Nf2 Qc7 26.Ng4 b4 27.Kh2 Rb6 28.c4 dxc4 29.Be4 e5
30.Nxe5 c3 31.bxc3 bxc3 32.Rc2 Bb7 33.Qf3 Bxe4 34.Qxe4 Bf6 35.Qd5+ Kh7 36.Nd7 Rd8
37.Qe4+ Kh8 38.Nxb6 Qxb6 39.Re1 Qc5 40.Qg6 Qb5 41.Rce2 Rf8 42.Re8 Kg8 43.R1e2 h5
44.Qe4 Rxe8 45.Qxe8+ Qxe8 46.Rxe8+ Kf7 47.Re4 a4 48.Kg2 a3 49.Kf3 Kg6 50.Rc4 Kf5
51.Rc5+  1-0

[Event "After GP Mladi"]
[Site "Olomouc"]
[Date "1997.??.??"]
[Round "8"]
[White "Balinov, Ilija"]
[Black "Votava, Jan"]
[Result "0-1"]
[WhiteElo "2560"]
[BlackElo "2515"]

1.e4 c5 2.Nf3 Nc6 3.d4 cxd4 4.Nxd4 Qc7 5.Nc3 e6 6.Be2 a6 7.O-O b5 8.Nxc6 Qxc6
9.Bf3 Bb7 10.Re1 Ne7 11.Bf4 Ng6 12.Bg3 Be7 13.a4 b4 14.Nd5 exd5 15.exd5 Qf6
16.d6 Bxf3 17.Qxf3 Qxf3 18.gxf3 f5 19.h4 h5 20.Rad1 Rc8 21.Rd4 Rf8 22.Bf4 Kf7
23.dxe7 Rfe8 24.Bg5 Rxc2 25.Rxd7 Rxb2 26.Rb7 b3 27.Re3 Ra2 28.Rexb3 Rxa4
29.Rd3 Nxh4 30.f4 Rd4 31.Rc3 Ng6 32.Rc5 Re4 33.Rxf5+ Ke6 34.f3 Kxf5 35.fxe4+ Kxe4
36.Ra7 Nxf4 37.Rxa6 Nh3+ 38.Kg2 Nxg5 39.Rg6 Kf5 40.Rxg7 Kf6  0-1

[Event "RUS-chT"]
[Site "Orel"]
[Date "1997.??.??"]
[Round "?"]
[White "Bondar, Ilya"]
[Black "Sumaneev, D."]
[Result "1-0"]
[WhiteElo "2280"]
[BlackElo "2435"]

1.e4 c5 2.Nf3 Nc6 3.d4 cxd4 4.Nxd4 Qc7 5.Nc3 e6 6.Be2 a6 7.O-O Nf6 8.Kh1 Nxd4
9.Qxd4 Bc5 10.Qd3 b5 11.f4 Bb7 12.Be3 h5 13.e5 Bxe3 14.Qxe3 b4 15.Na4 Ng4
16.Bxg4 hxg4 17.Nc5 Rc8 18.Nxb7 Qxb7 19.Rf2 Rc4 20.Re1 Qc6 21.Kg1 Qc5 22.Qxc5 Rxc5
23.Rd1 Rc4 24.Rfd2 O-O 25.Rxd7 Rxc2 26.R1d2 Rc4  1-0

[Event "ISR-ch U16"]
[Site "Petah Tiqwa"]
[Date "1997.??.??"]
[Round "1"]
[White "Kundin, Alexander"]
[Black "Bar, Roman"]
[Result "1-0"]
[WhiteElo "2260"]
[BlackElo "2160"]

1.e4 c5 2.Nf3 Nc6 3.d4 cxd4 4.Nxd4 Qc7 5.Nc3 e6 6.g3 a6 7.Bg2 Nf6 8.O-O Bc5
9.Nb3 Ba7 10.Bg5 h6 11.Bxf6 gxf6 12.Nd5 Qd8 13.Ne3 h5 14.Nc4 Qc7 15.Qd2 h4
16.Rfd1 Ne5 17.Nd6+ Ke7 18.Qb4 Kd8 19.c4 hxg3 20.hxg3 Rb8 21.Rac1 Rg8 22.c5 Nc6
23.Qd2 Ke7 24.Nd4 b6 25.e5 fxe5 26.Nxc6+ dxc6 27.Qh6 Bb7 28.Rc3 bxc5 29.Rf3 Qxd6
30.Qf6+  1-0

[Event "ISR-ch U16"]
[Site "Petah Tiqwa"]
[Date "1997.??.??"]
[Round "2"]
[White "Lurie, Michael"]
[Black "Bar, Roman"]
[Result "1/2-1/2"]
[WhiteElo "2110"]
[BlackElo "2160"]

1.e4 c5 2.Nf3 Nc6 3.d4 cxd4 4.Nxd4 Qc7 5.Nb5 Qb8 6.c4 Nf6 7.N5c3 e6 8.Be3 d6
9.Be2 Be7 10.O-O O-O 11.Nd2 b6 12.Rc1 Bb7 13.a3 Ne5 14.f4 Ned7 15.b4 a6 16.Qb3 Qc7
17.Bf3 Rac8 18.Kh1 h6 19.Ne2 Qb8 20.Bg1 Qa8 21.Ng3 Rfe8 22.Rfe1 Bf8 23.Qd3 Red8
24.Qb1 Be7 25.f5 Re8 26.fxe6 fxe6 27.Bd4 Qb8 28.Qb2 Bd8 29.Nh5 Qc7 30.a4 Rf8
31.Nf4 Re8 32.Nh5 Rf8 33.Nf4 Re8 34.Nh5 Rf8  1/2-1/2

[Event "Pinar del Rio"]
[Site "Pinar del Rio"]
[Date "1997.??.??"]
[Round "6"]
[White "Camacho Penate, G."]
[Black "Otero, Evelio"]
[Result "1-0"]
[WhiteElo "2305"]
[BlackElo "2405"]

1.e4 c5 2.Nf3 Nc6 3.d4 cxd4 4.Nxd4 Qb6 5.Nb3 Nf6 6.Nc3 e6 7.Bd3 Be7 8.Be3 Qc7
9.O-O a6 10.f4 d6 11.Qf3 O-O 12.g4 b5 13.g5 Nd7 14.Qh5 g6 15.Qh6 f6 16.Nd4 Nxd4
17.Bxd4 d5 18.f5 Bc5 19.Bxc5 Qxc5+ 20.Kh1 Ne5 21.fxg6 Nxg6 22.gxf6 Ra7 23.exd5 Raf7
24.Rg1 Rxf6 25.Bxg6 hxg6 26.Rxg6+ Rxg6 27.Qxg6+ Kh8 28.Qh5+ Kg7 29.Rg1+  1-0

[Event "SVK-ch"]
[Site "Presov"]
[Date "1997.??.??"]
[Round "5"]
[White "Pokorna, Regina"]
[Black "Oral, Tomas"]
[Result "0-1"]
[WhiteElo "2195"]
[BlackElo "2415"]

1.e4 c5 2.Nf3 Nc6 3.d4 cxd4 4.Nxd4 Qc7 5.Nc3 e6 6.Be3 a6 7.Be2 b5 8.O-O Bb7
9.f4 Bc5 10.Nf5 Bxe3+ 11.Nxe3 d6 12.Kh1 Nf6 13.Bf3 O-O 14.a3 Rfd8 15.Ng4 Nxg4
16.Bxg4 Na5 17.f5 exf5 18.exf5 Nc4 19.Qc1 f6 20.Bf3 d5 21.Ne2 Qe5 22.b3 Ne3
23.Re1 Nxf5 24.Qd2 Rac8 25.Rac1 Ba8 26.Nf4 Qc3 27.Qxc3 Rxc3 28.Red1 d4 29.Bxa8 Rxa8
30.Ne2 Re3 31.Nxd4 Nxd4 32.Rxd4 Rc8 33.Rdd1 Rec3 34.Kg1 Rxc2 35.Rxc2 Rxc2
36.Rd3 Ra2 37.b4 Kf7 38.Re3 g5 39.h3 Kg6 40.Kh2 h5 41.Kg3 Kf5 42.Kf3 g4+
43.hxg4+ hxg4+ 44.Kg3 Kg5 45.Rc3 f5 46.Kh2 f4 47.Kg1 g3 48.Kf1 Ra1+ 49.Ke2 Rg1
50.Kf3 Rf1+ 51.Ke4 Rf2  0-1

[Event "SVK-ch"]
[Site "Presov"]
[Date "1997.??.??"]
[Round "9"]
[White "Manik, Mikulas"]
[Black "Oral, Tomas"]
[Result "1/2-1/2"]
[WhiteElo "2455"]
[BlackElo "2415"]

1.e4 c5 2.Nf3 Nc6 3.d4 cxd4 4.Nxd4 Qc7 5.Nc3 e6 6.g3 a6 7.Be3 Ne5 8.Bg2 b5
9.O-O Bb7 10.f4 Nc4 11.Bc1 Bc5 12.Kh1 Qb6 13.Nb3 Be7 14.Qe2 Rc8 15.a4 h5
16.axb5 axb5 17.e5 Bxg2+ 18.Kxg2 b4 19.Ne4 d6 20.exd6 Nxd6 21.Ra6 Qb8 22.Nxd6+ Bxd6
23.Rd1 Be7 24.Be3 Nf6 25.Ra7 Bd8 26.Qa6 Rxc2+ 27.Kf3 O-O 28.Nd4 Rc7 29.Ra8 Qb7+
30.Qxb7 Rxb7  1/2-1/2

[Event "TESCO op 4"]
[Site "Prievidza"]
[Date "1997.??.??"]
[Round "6"]
[White "Hracek, Zbynek"]
[Black "Oral, Tomas"]
[Result "1/2-1/2"]
[WhiteElo "2605"]
[BlackElo "2435"]

1.e4 c5 2.Nf3 Nc6 3.d4 cxd4 4.Nxd4 Qc7 5.Nc3 e6 6.g3 a6 7.Bg2 Nf6 8.O-O Bc5
9.Nxc6 dxc6 10.e5 Qxe5 11.Bf4 Qd4 12.Qe2 Be7 13.Rfd1 Qb6 14.Na4 Qa5 15.b3 O-O
16.Be3 c5 17.Qd2 Qc7 18.Qc3 Nd7 19.Rab1 Bf6 20.Qd2 Rb8 21.c4 Rd8  1/2-1/2

[Event "EU-chT (Men)"]
[Site "Pula"]
[Date "1997.??.??"]
[Round "3"]
[White "Yilmaz, Turham"]
[Black "Kurajica, Bojan"]
[Result "1/2-1/2"]
[WhiteElo "2390"]
[BlackElo "2545"]

1.e4 c5 2.Nf3 Nc6 3.d4 cxd4 4.Nxd4 Qb6 5.Nb3 Nf6 6.Nc3 e6 7.Be3 Qc7 8.a3 a6
9.f4 d6 10.g4 Nd7 11.Bg2 Be7 12.g5 b5 13.O-O Nb6 14.Nd2 Bb7 15.Qh5 g6 16.Qh3 Bc8
17.Kh1 Na4 18.Nxa4 bxa4 19.Qf3 O-O 20.Nc4 Bb7 21.Nb6 Rae8 22.Qh3 Nb8 23.Rf2 Bc6
24.f5 exf5 25.exf5 Bxg5 26.fxg6 fxg6 27.Rxf8+ Rxf8 28.Qe6+ Kg7 29.Bxg5 Bxg2+
30.Kxg2 Qxb6 31.Qe7+ Kg8 32.Qe6+  1/2-1/2

[Event "EU-chT (Men)"]
[Site "Pula"]
[Date "1997.??.??"]
[Round "4"]
[White "Rytshagov, Mikhail"]
[Black "Kurajica, Bojan"]
[Result "1-0"]
[WhiteElo "2485"]
[BlackElo "2545"]

1.e4 c5 2.Nf3 Nc6 3.d4 cxd4 4.Nxd4 Qc7 5.Nc3 e6 6.g3 a6 7.Bg2 Nge7 8.Nde2 Ng6
9.b3 b5 10.Bb2 Bb7 11.Qd2 Bc5 12.O-O O-O 13.Rad1 Rad8 14.h3 Nce7 15.Nd4 f5
16.exf5 Bxd4 17.Qxd4 Nxf5 18.Qa7 d5 19.Rfe1 Nge7 20.Ba3 Nc8 21.Qc5 Qf7 22.Rd2 Rfe8
23.Rde2 Ncd6 24.Qb6 Nc8 25.Qc5 Re7 26.Qb4 Ncd6 27.Qf4 Qf6 28.Bxd6 Rxd6 29.Re5 Rc7
30.Nxd5 exd5 31.Rxf5 Qd8 32.Qxd6  1-0

[Event "EU-chT (Women)"]
[Site "Pula"]
[Date "1997.??.??"]
[Round "5"]
[White "Richtrova, Eliska"]
[Black "Botsari Miladinovic, Anna Maria"]
[Result "0-1"]
[WhiteElo "2295"]
[BlackElo "2330"]

1.e4 c5 2.Nf3 Nc6 3.d4 cxd4 4.Nxd4 Qc7 5.Nc3 e6 6.f4 a6 7.Nxc6 Qxc6 8.Bd3 b5
9.a3 Bb7 10.Qe2 Be7 11.Bd2 Rc8 12.O-O h5 13.f5 Nf6 14.Kh1 h4 15.Rae1 e5 16.Bg5 Nh5
17.Bxe7 Ng3+  0-1

[Event "Pula op"]
[Site "Pula"]
[Date "1997.??.??"]
[Round "8"]
[White "Muslija, Idris"]
[Black "Bogut, Zeljko"]
[Result "0-1"]
[WhiteElo "2160"]
[BlackElo "2285"]

1.e4 c5 2.Nf3 Nc6 3.d4 cxd4 4.Nxd4 Qb6 5.Nb3 Nf6 6.Nc3 e6 7.Be2 Bb4 8.O-O Bxc3
9.bxc3 Nxe4 10.Qd3 d5 11.Ba3 Ne5 12.Qh3 Bd7 13.Qh4 Ng6 14.Qg4 Rc8 15.Bd3 h5
16.Qf3 Nh4 17.Qh3 e5 18.Qe3 Qxe3  0-1

[Event "Navarro mem"]
[Site "Santiago de Chile"]
[Date "1997.??.??"]
[Round "4"]
[White "Toloza, Pablo"]
[Black "Zapata, Marco"]
[Result "1/2-1/2"]
[WhiteElo "2385"]
[BlackElo "2265"]

1.e4 c5 2.Nf3 Nc6 3.d4 cxd4 4.Nxd4 Qb6 5.Nb3 Nf6 6.Nc3 e6 7.Bd3 d6 8.O-O a6
9.Be3 Qc7 10.a4 b6 11.f4 Be7 12.Qf3 Bb7 13.Rae1 Nb4 14.Qh3 Nxd3 15.cxd3 O-O
16.g4 Nd7 17.g5 Nc5 18.Nxc5 dxc5 19.f5 exf5 20.exf5 Qd7 21.Ne4 Rfe8 22.Rf4 Bxe4
23.Rxe4 Qxd3 24.g6 hxg6 25.fxg6 fxg6 26.Qe6+ Kh7 27.Qh3+  1/2-1/2

[Event "BUL-ch"]
[Site "Shumen"]
[Date "1997.??.??"]
[Round "6"]
[White "Jankov, Janko"]
[Black "Rusev, Rosen"]
[Result "1-0"]
[WhiteElo "2285"]
[BlackElo "2175"]

1.e4 c5 2.Nf3 Nc6 3.d4 cxd4 4.Nxd4 Qb6 5.Nb3 Nf6 6.Nc3 e6 7.Be3 Qc7 8.Bd3 Be7
9.f4 d6 10.Qf3 a6 11.O-O-O Nd7 12.g4 b5 13.g5 Bb7 14.Qh3 Nb4 15.Kb1 Nxd3
16.cxd3 Nc5 17.Nd4 b4 18.Nce2 Nxd3 19.g6 Nc5 20.gxf7+ Kxf7 21.Ng3 Bf6 22.Rc1 Qd7
23.e5 Bxh1 24.exf6 Bd5 25.fxg7 Rhg8 26.f5 e5 27.Qxh7 Rxg7 28.Qh5+ Kg8 29.f6 Rh7
30.Bh6 Qf7 31.Qg5+ Kh8 32.Ndf5 Bxa2+  1-0

[Event "Singapore Double Round"]
[Site "Singapore"]
[Date "1997.??.??"]
[Round "6"]
[White "Suradiradja, Herman"]
[Black "Ardiansyah, Haji"]
[Result "0-1"]
[WhiteElo "2240"]
[BlackElo "2415"]

1.e4 c5 2.Nf3 Nc6 3.d4 cxd4 4.Nxd4 Qc7 5.Nc3 e6 6.Be3 Nf6 7.a3 Be7 8.Be2 a6
9.f4 d6 10.O-O O-O 11.Kh1 Re8 12.Nb3 b5 13.Bf3 Rb8 14.Qe1 Bf8 15.g4 b4 16.axb4 Nxb4
17.Qf2 e5 18.f5 d5 19.exd5 e4 20.Bd1 Nfxd5 21.Nxd5 Nxd5 22.c3 Nxe3 23.Qxe3 Rb5
24.Rf2 Rxb3 25.Bxb3 Bc5 26.Qe2 Bxf2 27.Qxf2 e3 28.Qg2 Re5 29.Qa8 h5  0-1

[Event "RUS-Cup8"]
[Site "Smolensk"]
[Date "1997.??.??"]
[Round "8"]
[White "Mozaliov, SV."]
[Black "Tregubov, Pavel V"]
[Result "0-1"]
[WhiteElo "2275"]
[BlackElo "2525"]

1.e4 c5 2.Nf3 Nc6 3.d4 cxd4 4.Nxd4 Qc7 5.Nc3 e6 6.Be2 a6 7.O-O Nf6 8.Be3 Bb4
9.Na4 Bd6 10.Nb6 Rb8 11.g3 Ne5 12.f4 Qxb6 13.fxe5 Bxe5 14.Nf5 Qc7 15.Nxg7+ Ke7
16.Bd3 Rg8 17.Nh5 Ng4 18.Qf3 f6 19.Bf4 Bxf4 20.Qxf4 Qc5+ 21.Kg2 Qxh5 22.h3 e5
23.hxg4 exf4 24.gxh5 Rxg3+ 25.Kf2 d6 26.Rg1 Bg4 27.Rxg3 fxg3+ 28.Kxg3 Bxh5
29.Kf4 Rg8 30.Rh1 Rg4+ 31.Kf5 Rg5+ 32.Kf4 Bg6 33.Rh3 h5 34.Re3 Rg4+ 35.Kf3 Ke6
36.Bc4+ Ke5 37.Bd5 Rf4+ 38.Kg3 h4+ 39.Kh3 b6 40.Rb3 f5 41.Rxb6 fxe4 42.Bc4 Bf5+
43.Kg2 h3+ 44.Kg1 e3 45.Rb8 Rxc4  0-1

[Event "EU-ch U16"]
[Site "Tallinn"]
[Date "1997.??.??"]
[Round "3"]
[White "Olsson, Anders"]
[Black "Bar, Roman"]
[Result "0-1"]
[WhiteElo "2280"]
[BlackElo "2210"]

1.e4 c5 2.Nf3 Nc6 3.d4 cxd4 4.Nxd4 Qc7 5.Nc3 e6 6.g3 a6 7.Bg2 Nf6 8.O-O Bc5
9.Bf4 e5 10.Nb3 exf4 11.Nxc5 fxg3 12.hxg3 d6 13.Nd3 h5 14.Nf4 h4 15.Ncd5 Nxd5
16.Nxd5 Qd8 17.g4 h3 18.Bf3 Ne5 19.Be2 Rh4 20.f3 Be6 21.Kh1 Rc8 22.Ne3 Qb6
23.Qe1 Rh8 24.b3 g5 25.Rd1 Ke7 26.Qd2 f6 27.Bd3 Qc5 28.c4 a5 29.Bc2 Ng6 30.e5 Nxe5
31.Bf5 Rcd8 32.Bxe6 Kxe6 33.Nd5 Rhf8 34.f4 gxf4 35.Qxf4 Kd7 36.Qf5+ Kc6 37.Qe4 Kd7
38.Qf5+ Kc6 39.Qe4 Kd7 40.Nf4 Qc6 41.Rd5 Rfe8 42.Qf5+ Kc7 43.Ne6+ Rxe6 44.Qxe6 Re8
45.Qxf6 Nxg4 46.Qg7+ Qd7 47.Qxd7+ Kxd7 48.Rg5 Re4 49.Rg1 Nf2+ 50.Kh2 a4 51.Rf5 Ng4+
52.Kxh3 Ne5 53.Rf2 Kc6 54.Rd2 Nf3 55.Rgg2 Nxd2 56.Rxd2 axb3 57.axb3 Re3+
58.Kg2 Rxb3 59.Kf2 Rh3 60.Rd4 Kc5 61.Rd5+ Kxc4 62.Rxd6 b5 63.Ke2 b4 64.Kd2 Kb3
65.Kc1 Rh1+ 66.Kd2 Kb2 67.Ra6 b3 68.Rc6 Rh8 69.Ra6 Rd8+ 70.Ke2 Kc2 71.Rc6+ Kb1
72.Ra6 b2 73.Ra7 Rd5 74.Ra8 Kc2 75.Rc8+ Kb3 76.Rb8+ Kc3 77.Rb7 Rd4  0-1

[Event "EU-ch U16"]
[Site "Tallinn"]
[Date "1997.??.??"]
[Round "5"]
[White "Wortel, Marten"]
[Black "Bar, Roman"]
[Result "1-0"]
[WhiteElo "2255"]
[BlackElo "2210"]

1.e4 c5 2.Nf3 Nc6 3.d4 cxd4 4.Nxd4 Qc7 5.Nc3 e6 6.Be2 a6 7.O-O Nf6 8.Kh1 Bb4
9.Qd3 O-O 10.Bg5 Be7 11.f4 d6 12.Rad1 Bd7 13.Qg3 Kh8 14.Nf3 Rad8 15.Bd3 h6
16.e5 dxe5 17.fxe5 Ng8 18.Bf4 Nb4 19.Ne4 Nxd3 20.cxd3 Bc6 21.Nf6 Qb6 22.Nxg8 Rxg8
23.Ng5 Bxg5 24.Bxg5 Rd7 25.Qh4 Kh7 26.Rf6 Rh8 27.Bxh6 Rd4 28.Qh5 gxf6 29.exf6 Qb5
30.Qxf7+ Kxh6 31.Qg7+ Kh5 32.Qxh8+ Kg4 33.f7 Rf4 34.Qh3+ Kg5 35.Qg3+  1-0

[Event "EU-ch U16"]
[Site "Tallinn"]
[Date "1997.??.??"]
[Round "7"]
[White "Horvath, Adam"]
[Black "Bar, Roman"]
[Result "0-1"]
[WhiteElo "2415"]
[BlackElo "2210"]

1.e4 c5 2.Nf3 Nc6 3.d4 cxd4 4.Nxd4 Qc7 5.Nc3 e6 6.Be2 a6 7.O-O Nf6 8.Kh1 Nxd4
9.Qxd4 Bc5 10.Qd3 b5 11.f4 d6 12.e5 Nd7 13.Qg3 O-O 14.f5 d5 15.f6 g6 16.Qg5 Qxe5
17.Qh6 Nxf6 18.Bf4 Qd4 19.Rad1 Qb4 20.Be5 Ne8 21.Rf4 Be3  0-1

[Event "Tanta op"]
[Site "Tanta"]
[Date "1997.??.??"]
[Round "4"]
[White "Frhat, Ali"]
[Black "Tayeb, S."]
[Result "1-0"]
[WhiteElo "2220"]
[BlackElo "2165"]

1.e4 c5 2.Nf3 Nc6 3.d4 cxd4 4.Nxd4 Qb6 5.Nb3 Nf6 6.Nc3 e6 7.a3 Be7 8.Be3 Qc7
9.f4 d6 10.Bd3 a6 11.O-O b5 12.Qf3 Rb8 13.Qg3 b4 14.Nb1 h5 15.N1d2 h4 16.Qf3 d5
17.e5 Nd7 18.a4 a5 19.Qg4 Kf8 20.Nf3 Nb6 21.Ng5 g6 22.Nxf7 Rg8 23.Ng5 Nc4
24.Bxc4 dxc4 25.Nc5 Nd4 26.Ncxe6+ Nxe6 27.Nxe6+ Bxe6 28.Qxe6 Kg7 29.f5  1-0

[Event "Nordic Grand Prix"]
[Site "Torshavn"]
[Date "1997.??.??"]
[Round "2"]
[White "Thomsen, Torbjorn"]
[Black "Jakobsen, Ole"]
[Result "0-1"]
[WhiteElo "2170"]
[BlackElo "2385"]

1.e4 c5 2.Nf3 Nc6 3.d4 cxd4 4.Nxd4 Qc7 5.Be3 Nf6 6.Nc3 e6 7.Bd3 a6 8.O-O b5
9.Nxc6 Qxc6 10.e5 Bb7 11.Qf3 Qxf3 12.gxf3 b4 13.Ne4 Nd5 14.Bc5 f5 15.Nd6+ Bxd6
16.Bxd6 Nf4 17.Rfc1 a5 18.a3 Kf7 19.axb4 axb4 20.Bxb4 Bxf3 21.Bd6 Be2 22.Rcb1 Nxd3
23.cxd3 Bxd3 24.Rxa8 Rxa8 25.Rc1 g5 26.f3 Bb5 27.Kf2 Bc6 28.Rc4 Ra1 29.h4 h6
30.hxg5 hxg5 31.f4 g4 32.Rc3 Rh1 33.b4 Rh2+ 34.Kg1 Re2 35.Bc5 Re4 36.Be3 Rxb4
37.Kf2 Rb2+ 38.Kg3 Kg6 39.Rc1 Kh5 40.Rg1 Be4 41.Bc1 Re2  0-1

[Event "Nordic Grand Prix"]
[Site "Torshavn"]
[Date "1997.??.??"]
[Round "5"]
[White "Bromann, Thorbjorn"]
[Black "Jakobsen, Ole"]
[Result "0-1"]
[WhiteElo "2230"]
[BlackElo "2385"]

1.e4 c5 2.Nf3 Nc6 3.d4 cxd4 4.Nxd4 Qc7 5.Nc3 e6 6.f4 a6 7.Nxc6 Qxc6 8.Bd3 b5
9.a3 Bb7 10.O-O Bc5+ 11.Kh1 Nf6 12.Qf3 O-O 13.f5 Bd4 14.Bd2 exf5 15.Qxf5 Bxc3
16.Bxc3 Nxe4 17.Rf3 Qe6 18.Qh5 f5 19.Raf1 Nxc3 20.Rh3 Qg6 21.Qxg6 hxg6 22.bxc3 Rac8
23.Rd1 Rfe8 24.Bf1 d5 25.Rd4 Re4 26.Rb4 Re1 27.Kg1 Ra1 28.Rb3 d4 29.Rd3 Bd5
30.Rb4 Bc4 31.Rf3 dxc3 32.a4 Bxf1 33.Rxf1 Rxa4 34.Rxa4 bxa4 35.Ra1 Rd8 36.Rxa4 Rd1+
37.Kf2 Rd2+ 38.Kf1 Rxc2 39.Rxa6 Rd2 40.Rc6 c2 41.Rc8+ Kf7 42.Rc7+ Ke6 43.Rc6+ Kd7  0-1

[Event "Nordic Grand Prix"]
[Site "Torshavn"]
[Date "1997.??.??"]
[Round "7"]
[White "Nolsoe, Eydun"]
[Black "Jakobsen, Ole"]
[Result "1/2-1/2"]
[WhiteElo "2200"]
[BlackElo "2385"]

1.e4 c5 2.Nf3 Nc6 3.d4 cxd4 4.Nxd4 Qc7 5.Nc3 e6 6.g3 a6 7.a4 Nf6 8.Bg2 Bc5
9.Nb3 Ba7 10.O-O d6 11.h3 h6 12.Kh2 Bd7 13.f4 h5 14.Bf3 Nb4 15.Kg2 Rc8 16.Re1 g6
17.Be3 Bxe3 18.Rxe3 e5 19.Qd2 h4 20.g4 O-O 21.Re2 Be6 22.f5 Bc4 23.Rf2 d5
24.Qg5 Nh7 25.Qxh4 d4 26.Nd5 Bxd5 27.exd5 Nxc2 28.Rg1 Ne3+ 29.Kh1 Qd8 30.Qg3 Qe7
31.Be4 Kh8 32.f6 Nxf6 33.Qh4+ Kg7 34.Rxf6 Qxf6 35.g5 Qd6 36.Qh6+ Kg8 37.h4 Rfd8
38.h5 Qf8 39.hxg6 Qxh6+ 40.gxh6 fxg6 41.Rxg6+ Kh8 42.Rg7 Nxd5 43.Rh7+ Kg8
44.Rg7+ Kh8 45.Rh7+ Kg8 46.Rg7+ Kh8 47.Rh7+ Kg8  1/2-1/2

[Event "ROM-chT"]
[Site "Tusnad"]
[Date "1997.??.??"]
[Round "?"]
[White "Vasiesiu, Dan"]
[Black "Cosma, Ioan"]
[Result "0-1"]
[WhiteElo "2420"]
[BlackElo "2495"]

1.e4 c5 2.Nf3 Nc6 3.d4 cxd4 4.Nxd4 Qc7 5.Nc3 e6 6.Nb3 a6 7.f4 b5 8.Bd3 d6
9.O-O Nf6 10.Qf3 Bb7 11.a3 Be7 12.Bd2 O-O 13.Qh3 g6 14.f5 exf5 15.exf5 Ne5
16.Bh6 Rfe8 17.Bg5 Nfg4 18.Bxe7 Rxe7 19.Ne4 Bxe4 20.Bxe4 d5 21.Bxd5 Rd8 22.f6 Red7  0-1

[Event "JUG Cup (Women)"]
[Site "Ulcinj"]
[Date "1997.??.??"]
[Round "?"]
[White "Gaponenko, Inna"]
[Black "Milovanov, Olga"]
[Result "1-0"]
[WhiteElo "2360"]
[BlackElo "2095"]

1.e4 c5 2.Nf3 Nc6 3.d4 cxd4 4.Nxd4 Qc7 5.Nc3 e6 6.Be3 a6 7.Bd3 Nf6 8.O-O Ne5
9.h3 Bc5 10.f4 Ng6 11.Qd2 d6 12.f5 Ne5 13.Nce2 Nxd3 14.cxd3 e5 15.Nb3 Bxe3+
16.Qxe3 O-O 17.Rac1 Qd8 18.g4 d5 19.g5 Nh5 20.Kh2 b6 21.Rg1 g6 22.Rcf1 Rb8
23.Rg4 Kh8 24.Ng3 Nxg3 25.Qxg3 f6 26.gxf6 Qxf6 27.fxg6 Bxg4 28.Rxf6 Rxf6
29.Qxe5 Rf8 30.hxg4 hxg6 31.g5  1-0

[Event "JUG Cup"]
[Site "Ulcinj"]
[Date "1997.??.??"]
[Round "?"]
[White "Petkovic, Radoslov"]
[Black "Matulovic, Milan"]
[Result "1/2-1/2"]
[WhiteElo "2295"]
[BlackElo "2440"]

1.e4 c5 2.Nf3 Nc6 3.d4 cxd4 4.Nxd4 Qc7 5.Nc3 e6 6.g3 a6 7.Bg2 Nf6 8.O-O Bc5
9.Bf4 e5 10.Nb3 exf4 11.Nxc5 fxg3 12.hxg3 d6 13.Nb3 O-O 14.a4 Be6 15.Nd5 Bxd5
16.exd5 Ne5 17.Nd4 Rfe8 18.Re1 Qc5 19.Rc1 b5 20.axb5 axb5 21.c3 Qb6 22.Qb3 Rab8
23.Rcd1 Kf8  1/2-1/2

[Event "JUG Cup"]
[Site "Ulcinj"]
[Date "1997.??.??"]
[Round "?"]
[White "Misailovic, Nebojsa"]
[Black "Vojinovic, Goran"]
[Result "0-1"]
[WhiteElo "2390"]
[BlackElo "2415"]

1.e4 c5 2.Nf3 Nc6 3.d4 cxd4 4.Nxd4 Qc7 5.Nc3 e6 6.Be2 a6 7.O-O Nf6 8.Be3 Bb4
9.Na4 O-O 10.c4 Nxe4 11.c5 d6 12.Nxc6 Qxc6 13.Nb6 Rb8 14.cxd6 Bc5 15.Qb3 Qxd6
16.Nc4 Qc7 17.Rac1 b5 18.Nd2 Nxd2 19.Bxd2 Qe7 20.Bd3 Bd6 21.Rc6 g6 22.Re1 Bb7
23.Rcc1 Rbc8 24.Bf1 Rxc1 25.Rxc1 Rc8 26.Rxc8+ Bxc8 27.Qd3 Be5 28.a4 bxa4
29.Qe4 Qd6 30.Bb4 Qc7 31.Qa8 Qb7 32.Qxb7 Bxb7 33.Ba3 Bd4 34.Bc4 Kg7 35.Kf1 e5
36.f3 f5 37.Ke2 e4 38.fxe4 Bxe4 39.Bxa6 Bxg2 40.Bb5 Be4 41.Bxa4 f4 42.Bb5 g5
43.Bd3 Bd5 44.Be7 g4 45.b4 g3 46.hxg3 fxg3 47.Bc5 Bxc5 48.bxc5 Bc6 49.Bf5 h5
50.Ke3 Kf6 51.Bh3 Ke5 52.Bc8 h4 53.Bh3 Bd5 54.Bg4 Be6 55.Bf3 Bd5 56.Bg4 Bg2  0-1

[Event "JUG Cup (Women)"]
[Site "Ulcinj"]
[Date "1997.??.??"]
[Round "?"]
[White "Vujosevic, Snezana"]
[Black "Milovanov, Olga"]
[Result "0-1"]
[WhiteElo "2065"]
[BlackElo "2095"]

1.e4 c5 2.Nf3 Nc6 3.d4 cxd4 4.Nxd4 Qc7 5.Be3 e6 6.Nb5 Qb8 7.Bc4 a6 8.Nd4 Nf6
9.f3 b5 10.Bb3 Bb7 11.Nd2 Bd6 12.Nxc6 Bxc6 13.g3 O-O 14.O-O Bc7 15.Bd4 Be5
16.Bxe5 Qxe5 17.c3 Qc5+ 18.Rf2 d5 19.e5 Nd7 20.f4 Nb6 21.Nf3 Nc4 22.Qd3 Nxb2
23.Qc2 Nc4 24.Nd4 Bd7 25.Qd3 g6 26.Qf3 Rac8 27.Rd1 f5 28.g4 Kh8 29.h4 Na5
30.h5 Qxc3 31.Qg2 gxh5 32.Rf3 Qb4 33.g5 Nc6 34.Nxc6 Bxc6 35.Qh3 Be8 36.Rfd3 Qxf4  0-1